Central Library OPAC University of Rajshahi

Research methods in economics & business / (Record no. 15518)

MARC details
000 -LEADER
fixed length control field 00822cam a22002651 4500
001 - CONTROL NUMBER
control field 15518
003 - CONTROL NUMBER IDENTIFIER
rucl marc code BD-RjUL
005 - DATE AND TIME OF LATEST TRANSACTION
control field 20211208235831.0
008 - FIXED-LENGTH DATA ELEMENTS--GENERAL INFORMATION
fixed length control field 140210r19701962nyua b 001 0 eng d
035 ## - SYSTEM CONTROL NUMBER
System control number (BD-RjUL)15573
System control number (OCoLC)166121
040 ## - CATALOGING SOURCE
Original cataloging agency DLC
Transcribing agency ODaWU
Modifying agency OCoLC
-- DLC
-- BD-RjUL
Language of cataloging eng
041 ## - LANGUAGE CODE
Language code of text/sound track or separate title eng
082 00 - DEWEY DECIMAL CLASSIFICATION NUMBER
Classification number 330.72
Author mark and year FER 1970
100 1# - MAIN ENTRY--PERSONAL NAME
Personal name Ferber, Robert,
Dates associated with a name 1922-
9 (RLIN) 48183
245 10 - TITLE STATEMENT
Title Research methods in economics & business /
Statement of responsibility, etc. by Robert Ferber and P. J. Verdoorn.
260 ## - PUBLICATION, DISTRIBUTION, ETC. (IMPRINT)
Place of publication, distribution, etc. New York :
Name of publisher, distributor, etc. Macmillan ;
Date of publication, distribution, etc. c1962 [Reprinted 1970]
300 ## - PHYSICAL DESCRIPTION
Pagination 573 p. :
Illustrations illus. ;
Size 25 cm.
504 ## - BIBLIOGRAPHY, ETC. NOTE
Bibliography, etc Includes bibliography and Index
650 #0 - SUBJECT ADDED ENTRY--TOPICAL TERM
Topical term or geographic name as entry element Economics
General subdivision Research.
9 (RLIN) 44503
700 1# - ADDED ENTRY--PERSONAL NAME
Personal name Verdoorn, P. J.
Fuller form of name (Petrus Johannes)
942 ## - ADDED ENTRY ELEMENTS (KOHA)
Source of classification or shelving scheme Dewey Decimal Classification
Koha item type Books
Holdings
Lost status Source of classification or shelving scheme Damaged status Not for loan Collection code Permanent Location Current Location Shelving location Date acquired Source of acquisition Total Checkouts Full call number Date last seen Copy number Koha item type Cost, normal purchase price
  Dewey Decimal Classification     Non-fiction Central Library, University of Rajshahi Central Library, University of Rajshahi   05/11/1973 U.S. Govt. Gift   330.72 FER 1970 10/02/2014 C-3 Books  
  Dewey Decimal Classification   Not For Loan Non-fiction Central Library, University of Rajshahi Central Library, University of Rajshahi Reading Room 07/07/1964 Zeitlinger   330.72 FER 1962 06/02/2017 C-1 Books 70.00
  Dewey Decimal Classification     Non-fiction Central Library, University of Rajshahi Central Library, University of Rajshahi   25/11/1965 zeitlinger   330.72 FER 1970 31/10/2019 C-2 Books 70.00